[Event "XXIV Weekend Magistrale"]
[Site "Robecchetto con Induno ITA"]
[Date "2013.12.29"]
[Round "5"]
[White "Linder, Oliver"]
[Black "Petrone, Gianmario"]
[WhiteElo "1960"]
[BlackElo "2017"]
[Result "1/2-1/2"]
[PlyCount "42"]
[EventDate "2013.12.27"]

1. d4 Nf6 2. Bf4 g6 3. e3 d5 4. Nf3 Bg7 5. Be2 O-O 6. O-O c5 7. Nc3 cxd4 8.
exd4 Nc6 9. Ne5 Qb6 10. Nxc6 bxc6 11. Na4 Qa5 12. c3 Nd7 13. b4 Qd8 14. Nc5 Re8
15. Re1 e5 16. Nxd7 Bxd7 17. dxe5 Bxe5 18. Bxe5 Rxe5 19. Ba6 Qe7 20. Rxe5 Qxe5
21. Qd2 Re8 1/2-1/2

[Event "XXIV Weekend Magistrale"]
[Site "Robecchetto con Induno ITA"]
[Date "2013.12.29"]
[Round "5"]
[White "Siclari, Giovanni"]
[Black "Barbero, Marco"]
[WhiteElo "2081"]
[BlackElo "1990"]
[Result "1-0"]
[PlyCount "53"]
[EventDate "2013.12.27"]

1. Nf3 d5 2. d4 Nf6 3. c4 e6 4. Nc3 c6 5. Bg5 h6 6. Bh4 dxc4 7. e4 g5 8. Bg3 b5
9. Be2 Bb7 10. h4 g4 11. Ne5 h5 12. O-O Nbd7 13. Qc2 Qb6 14. Rfd1 Nxe5 15. Bxe5
Rh6 16. a4 Nd7 17. a5 Qa6 18. Bf4 Rh8 19. b3 c5 20. bxc4 bxc4 21. d5 e5 22. Bg3
Rc8 23. Qa4 Qf6 24. Bxc4 a6 25. Rab1 Ba8 26. Rb6 Bd6 27. Rxa6 1-0

[Event "XXIV Weekend Magistrale"]
[Site "Robecchetto con Induno ITA"]
[Date "2013.12.29"]
[Round "5"]
[White "Ventura, Salvatore"]
[Black "Sbarra, Marco"]
[WhiteElo "2024"]
[BlackElo "2263"]
[Result "1-0"]
[PlyCount "111"]
[EventDate "2013.12.27"]

1. e4 e5 2. Nf3 Nc6 3. Bb5 a6 4. Ba4 Nf6 5. O-O Be7 6. Re1 b5 7. Bb3 d6 8. c3
O-O 9. h3 Na5 10. Bc2 c5 11. d4 Qc7 12. Nbd2 Nc6 13. d5 Nd8 14. a4 Rb8 15. b3
Ne8 16. Nf1 g6 17. g4 Ng7 18. Bh6 f6 19. Ng3 Nf7 20. Bd2 Bd7 21. axb5 axb5 22.
Qe2 Ra8 23. Bd3 Qb7 24. Kh2 Rfb8 25. Qf1 Rxa1 26. Rxa1 Bd8 27. Ra2 Qc8 28. Ne1
Kh8 29. Ng2 Kg8 30. f3 f5 31. gxf5 gxf5 32. f4 fxe4 33. Nxe4 Bxh3 34. fxe5 Nxe5
35. Nxd6 Qd7 36. Ra6 Bxg2 37. Kxg2 Qg4+ 38. Kh1 Qh5+ 39. Kg2 Bg5 40. Be2 Qg6
41. Nf5 Qxa6 42. Bxg5 Nxf5 43. Qxf5 Re8 44. Bh5 Ng6 45. Qd7 Qa2+ 46. Kg3 Rf8
47. Qe6+ Kg7 48. Qe3 Qxb3 49. Bh6+ Kg8 50. Bxf8 Nxf8 51. Qg5+ Ng6 52. Bxg6
Qxc3+ 53. Bd3+ Kf7 54. Qf5+ Ke7 55. Kg4 Qg7+ 56. Kf3 1-0

[Event "XXIV Weekend Magistrale"]
[Site "Robecchetto con Induno ITA"]
[Date "2013.12.30"]
[Round "6"]
[White "Barlocco, Carlo"]
[Black "Linder, Oliver"]
[WhiteElo "2117"]
[BlackElo "1960"]
[Result "1/2-1/2"]
[PlyCount "53"]
[EventDate "2013.12.27"]

1. d4 e6 2. c4 Bb4+ 3. Bd2 Qe7 4. e4 Bxd2+ 5. Qxd2 d6 6. Nc3 Nf6 7. Nf3 e5 8.
dxe5 dxe5 9. Nd5 Nxd5 10. cxd5 Bg4 11. Bb5+ Nd7 12. Rc1 Bxf3 13. Rxc7 Bg4 14.
h3 a6 15. Ba4 b5 16. Bb3 Bh5 17. O-O O-O 18. Rfc1 Qd8 19. Qc3 Be2 20. Qc6 Nf6
21. d6 Bc4 22. Bxc4 bxc4 23. Rxc4 h6 24. f3 Nh5 25. Re7 Qa5 26. d7 Qe1+ 27. Kh2
1/2-1/2

[Event "XXIV Weekend Magistrale"]
[Site "Robecchetto con Induno ITA"]
[Date "2013.12.30"]
[Round "6"]
[White "Boschetti, Claudio"]
[Black "Bardone, Lorenzo"]
[WhiteElo "2111"]
[BlackElo "1957"]
[Result "1-0"]
[PlyCount "119"]
[EventDate "2013.12.27"]

1. e4 c5 2. Nf3 e6 3. d4 cxd4 4. c3 Nf6 5. e5 Nd5 6. cxd4 d6 7. a3 Bd7 8. Bd3
Bc6 9. O-O Nd7 10. b4 a6 11. Nbd2 dxe5 12. dxe5 Qc7 13. Bb2 Rc8 14. Rc1 Qb8 15.
Re1 Be7 16. Nd4 Nxe5 17. Nxc6 Nxc6 18. Rxc6 bxc6 19. Bxg7 Rg8 20. Be5 Bd6 21.
Bxh7 Rg5 22. Bxd6 Qxd6 23. Ne4 Qe7 24. Nxg5 Qxg5 25. g3 Ke7 26. Qd4 Qh6 27. Be4
Rh8 28. h4 Rg8 29. Qa7+ Kf6 30. Qd4+ Ke7 31. Bg2 Kf8 32. Qc5+ Kg7 33. Qxc6 Qd2
34. Qc1 Qd3 35. Rd1 Qb3 36. Bxd5 exd5 37. Qg5+ Kf8 38. Qd8+ Kg7 39. Qxd5 Qxa3
40. Qg5+ Kh7 41. Qf5+ Kg7 42. Rd6 Re8 43. Qf6+ Kg8 44. Rxa6 Qxb4 45. Qg5+ Kf8
46. Rh6 Re1+ 47. Kh2 Qd4 48. Qf6 Qxf6 49. Rxf6 Kg7 50. Rf4 Kg6 51. h5+ Kxh5 52.
Rxf7 Re2 53. Kg2 Kg4 54. Rf4+ Kg5 55. Kf3 Ra2 56. Re4 Ra3+ 57. Re3 Ra4 58. Re5+
Kf6 59. Rb5 Ra2 60. g4 1-0

[Event "XXIV Weekend Magistrale"]
[Site "Robecchetto con Induno ITA"]
[Date "2013.12.30"]
[Round "6"]
[White "Gentili, Gianguido"]
[Black "Coppola, Federico"]
[WhiteElo "2145"]
[BlackElo "1988"]
[Result "1-0"]
[PlyCount "141"]
[EventDate "2013.12.27"]

1. Nf3 c5 2. g3 g6 3. Bg2 Bg7 4. O-O Nc6 5. d3 e6 6. e4 Nge7 7. Nbd2 O-O 8. Re1
d6 9. Rb1 b5 10. c3 b4 11. Qc2 Ba6 12. c4 e5 13. Nf1 f5 14. Bg5 h6 15. Bxe7
Nxe7 16. Nh4 f4 17. a3 Rb8 18. axb4 Rxb4 19. Ra1 Qb6 20. Ra2 g5 21. Nf5 Nc8 22.
Nd2 Bb7 23. g4 Kh7 24. Nf3 Bf6 25. Kf1 Qd8 26. Ke2 Rh8 27. Rh1 Kg8 28. h4 Bc6
29. hxg5 hxg5 30. Rxh8+ Kxh8 31. Nd2 Rb7 32. Nb1 Ne7 33. Bf3 Nxf5 34. exf5
Bxf3+ 35. Kxf3 d5 36. Nd2 Rd7 37. cxd5 Rxd5 38. Ne4 Rxd3+ 39. Ke2 f3+ 40. Ke1
Rd7 41. Ra6 Rh7 42. Ng3 Rh2 43. Qxc5 Rg2 44. Qd6 Qxd6 45. Rxd6 Be7 46. Rh6+ Kg8
47. f6 Bb4+ 48. Kd1 Rxf2 49. Ne4 Rf1+ 50. Kc2 f2 51. Kb3 Rg1 52. Nxf2 Rg2 53.
Ne4 Rxg4 54. Nf2 Rg2 55. Nd3 Bf8 56. Rg6+ Kh7 57. Nxe5 Re2 58. Rxg5 Rf2 59. Ng4
Rf4 60. Kc3 Bh6 61. Nxh6 Kxh6 62. Ra5 Kg6 63. Rxa7 Kxf6 64. Rd7 Ke5 65. b4 Ke6
66. Rd2 Rf8 67. b5 Rf4 68. b6 Rf7 69. Kc4 Rd7 70. Rxd7 Kxd7 71. Kb5 1-0

[Event "XXIV Weekend Magistrale"]
[Site "Robecchetto con Induno ITA"]
[Date "2013.12.30"]
[Round "6"]
[White "Medici, Simone"]
[Black "Siclari, Giovanni"]
[WhiteElo "2120"]
[BlackElo "2081"]
[Result "0-1"]
[PlyCount "94"]
[EventDate "2013.12.27"]

1. d4 Nf6 2. c4 e6 3. Nc3 Bb4 4. Qc2 O-O 5. e4 d5 6. e5 Ne4 7. Bd3 c5 8. Bxe4
dxe4 9. dxc5 Nd7 10. Nge2 Nxe5 11. O-O Qd3 12. Qa4 Qxc4 13. b3 Qxc5 14. Nxe4
Qa5 15. Qxa5 Bxa5 16. Ba3 Rd8 17. Nd6 b5 18. Rfd1 Ba6 19. Bb2 Ng6 20. Rac1 Bb4
21. Ne4 Bb7 22. f3 Bd5 23. g3 f5 24. Nd2 Rac8 25. f4 Rxc1 26. Bxc1 Be4 27. a3
Bc5+ 28. Kf1 Be3 29. Nc3 Bc2 30. Ke2 Bxd1+ 31. Kxe3 Bc2 32. Nxb5 Rd3+ 33. Ke2
Rd7 34. Ke3 Bd3 35. Nd4 Ba6 36. N2f3 Bb7 37. Ng5 e5 38. Nxf5 exf4+ 39. gxf4 h6
40. Ne6 Ne7 41. Ned4 Nc6 42. Ne6 Ne7 43. Nfd4 Rd5 44. Bb2 Rh5 45. Ne2 Nf5+ 46.
Kd2 Rxh2 47. Ke1 Ba6 0-1

[Event "XXIV Weekend Magistrale"]
[Site "Robecchetto con Induno ITA"]
[Date "2013.12.30"]
[Round "6"]
[White "Penna, Tommaso"]
[Black "Barbero, Marco"]
[WhiteElo "1973"]
[BlackElo "1990"]
[Result "1-0"]
[PlyCount "59"]
[EventDate "2013.12.27"]

1. d4 d6 2. Nf3 Bg4 3. c4 Nd7 4. Qb3 Rb8 5. g3 c6 6. Bg2 Ngf6 7. O-O Qb6 8. Rd1
e6 9. Nc3 d5 10. Bf4 Qxb3 11. axb3 Ra8 12. Nd2 h6 13. h3 Bh5 14. g4 g5 15. Bg3
Bg6 16. e4 Nxe4 17. Ncxe4 dxe4 18. Nxe4 Be7 19. Nd6+ Bxd6 20. Bxd6 Bc2 21. Re1
Bxb3 22. d5 Bxc4 23. dxc6 bxc6 24. Bxc6 Rd8 25. Rxa7 Rh7 26. b4 f6 27. b5 Rc8
28. Be4 Rh8 29. b6 Nxb6 30. Bg6+ 1-0

[Event "XXIV Weekend Magistrale"]
[Site "Robecchetto con Induno ITA"]
[Date "2013.12.30"]
[Round "6"]
[White "Petrone, Gianmario"]
[Black "Barrera, Pietro"]
[WhiteElo "2017"]
[BlackElo "1912"]
[Result "1/2-1/2"]
[PlyCount "91"]
[EventDate "2013.12.27"]

1. e4 e5 2. Nf3 Nc6 3. Bc4 Be7 4. d3 Nf6 5. O-O O-O 6. Bb3 d6 7. c3 Bg4 8. Re1
Qd7 9. Nbd2 Rae8 10. Nf1 Bd8 11. Ng3 Nh5 12. h3 Bxf3 13. Qxf3 Nxg3 14. Qxg3 Kh8
15. Bc2 a5 16. Be3 Re6 17. f4 exf4 18. Bxf4 Rg6 19. Qe3 Bh4 20. Rf1 Ne5 21. b3
Re6 22. Bd1 Ree8 23. Bh2 Ng6 24. Bg3 Qe7 25. Qf2 Bxg3 26. Qxg3 Qe5 27. Qxe5
Rxe5 28. Bg4 b6 29. Rae1 Kg8 30. a3 Rd8 31. Rf5 Ne7 32. Rff1 Ng6 33. Kf2 d5 34.
exd5 Rexd5 35. d4 c5 36. Bf3 R5d6 37. dxc5 bxc5 38. Rd1 f6 39. Rxd6 Rxd6 40.
Rd1 Rxd1 41. Bxd1 Ne5 42. Ke3 Kf7 43. Bc2 h6 44. Kf4 Ke6 45. Bh7 g6 46. Bg8+
1/2-1/2

[Event "XXIV Weekend Magistrale"]
[Site "Robecchetto con Induno ITA"]
[Date "2013.12.30"]
[Round "6"]
[White "Soncin, Denis"]
[Black "Ranfagni, Stefano"]
[WhiteElo "2041"]
[BlackElo "2015"]
[Result "1/2-1/2"]
[PlyCount "69"]
[EventDate "2013.12.27"]

1. e4 e6 2. d3 d5 3. Nd2 Nf6 4. g3 b6 5. Bg2 Bb7 6. Ngf3 c5 7. O-O Be7 8. e5
Nfd7 9. Re1 Nc6 10. Nf1 Qc7 11. Bf4 h6 12. h4 O-O-O 13. c3 Rdg8 14. Qd2 Qd8 15.
d4 cxd4 16. Nxd4 g5 17. hxg5 hxg5 18. Nxc6 Bxc6 19. Be3 Nxe5 20. Bxb6 Qxb6 21.
Rxe5 Bf6 22. Re2 d4 23. cxd4 Bxg2 24. Kxg2 Qb7+ 25. f3 g4 26. Rc1+ Kd7 27. Qf4
gxf3+ 28. Qxf3 Rxg3+ 29. Nxg3 Rh2+ 30. Kxh2 Qxf3 31. Rf1 Qg4 32. Re4 Qg6 33.
Ref4 Be7 34. Rxf7 Qh6+ 35. Kg2 1/2-1/2

[Event "XXIV Weekend Magistrale"]
[Site "Robecchetto con Induno ITA"]
[Date "2013.12.30"]
[Round "6"]
[White "Ventura, Salvatore"]
[Black "Aranovitch, Emiliano"]
[WhiteElo "2024"]
[BlackElo "2345"]
[Result "1/2-1/2"]
[PlyCount "67"]
[EventDate "2013.12.27"]

1. e4 c5 2. Nc3 d6 3. g3 Nc6 4. Bg2 g6 5. d3 Bg7 6. Be3 Nf6 7. h3 Rb8 8. Nge2
b5 9. a3 O-O 10. d4 cxd4 11. Nxd4 Nxd4 12. Bxd4 b4 13. axb4 Rxb4 14. O-O e5 15.
Bxa7 Rxb2 16. Qd3 Be6 17. Rfd1 Qc8 18. Kh2 Rd8 19. Rdb1 Qb7 20. Rxb2 Qxb2 21.
Rb1 Qa3 22. Rb8 Rxb8 23. Bxb8 Ne8 24. Qb5 Kf8 25. Qc6 Qc5 26. Qxc5 dxc5 27. Na4
c4 28. Bf1 Ke7 29. Nb6 Nd6 30. Bxd6+ Kxd6 31. Nxc4+ Kc5 32. Nd2 Kd4 33. Bd3 h6
34. Kg2 1/2-1/2

[Event "C.to Provinciale VR"]
[Site "Zevio ITA"]
[Date "2013.01.12"]
[Round "1"]
[White "Avanzini, Angelo"]
[Black "Garofalo, Sergio"]
[WhiteElo "1488"]
[BlackElo "1822"]
[Result "1-0"]
[PlyCount "111"]
[EventDate "2013.01.12"]

1. d4 Nf6 2. Nf3 d6 3. c4 g6 4. Nc3 Bg7 5. e4 O-O 6. Be2 c5 7. O-O Nc6 8. Be3
Ng4 9. Rb1 Nxe3 10. fxe3 Bh6 11. Qd2 cxd4 12. Nxd4 e5 13. Nxc6 bxc6 14. Bf3 a5
15. Rbd1 a4 16. Qc1 Be6 17. b3 axb3 18. axb3 Qb6 19. Qc2 Bxe3+ 20. Kh1 Bd4 21.
Ne2 Rfb8 22. Nxd4 exd4 23. h3 Ra3 24. Qf2 c5 25. Bg4 Qb7 26. Bxe6 fxe6 27. Rd3
Qg7 28. Rf3 Raxb3 29. Rf7 Qh6 30. Qf6 Re8 31. Rd7 Rf8 32. Qxe6+ Kh8 33. Rff7
Rxf7 34. Rxf7 Rb8 35. Qxd6 Re8 36. Qxc5 d3 37. Qd4+ Kg8 38. Rf1 d2 39. Qd5+ Kh8
40. Rd1 Qf4 41. Qxd2 Qxe4 42. Qd4+ Qxd4 43. Rxd4 Rc8 44. Kg1 Kg7 45. Kf2 Rc6
46. Ke3 Kf6 47. Kd3 g5 48. h4 h5 49. hxg5+ Kxg5 50. g3 Ra6 51. c5 Ra3+ 52. Kc4
Rxg3 53. c6 Ra3 54. c7 Ra1 55. Rd5+ Kg4 56. c8=Q+ 1-0

[Event "C.to Provinciale VR"]
[Site "Zevio ITA"]
[Date "2013.01.12"]
[Round "1"]
[White "Brunelli, Flavio"]
[Black "Bertani, Gianfranco"]
[WhiteElo "1757"]
[BlackElo "2051"]
[Result "0-1"]
[PlyCount "98"]
[EventDate "2013.01.12"]

1. e4 c5 2. Nf3 Nc6 3. d4 cxd4 4. Nxd4 e5 5. Nb5 d6 6. N1c3 a6 7. Na3 Be7 8.
Be3 Be6 9. Bc4 b5 10. Bxe6 fxe6 11. Ne2 Nf6 12. f3 O-O 13. c3 d5 14. exd5 exd5
15. Nc2 b4 16. cxb4 d4 17. a3 dxe3 18. Nxe3 Nd4 19. Nxd4 exd4 20. Qb3+ Kh8 21.
O-O-O a5 22. Nc2 axb4 23. Rxd4 Qa5 24. axb4 Qg5+ 25. Kb1 Qxg2 26. Rdd1 Ng8 27.
Nd4 Bf6 28. Rhg1 Qh3 29. Ne6 Qf5+ 30. Rd3 Rfb8 31. Rg4 Rb6 32. Nd4 Bxd4 33.
Rgxd4 Rba6 34. h4 Ra1+ 35. Kc2 Rf1 36. Kd2 Qe5 37. Re4 Qh2+ 38. Re2 Rf2 39. Qe6
Qxh4 40. Qe4 Rxe2+ 41. Kxe2 Qh2+ 42. Ke3 Ra1 43. Qg4 Re1+ 44. Kd4 Qxb2+ 45. Kc4
Qa2+ 46. Kb5 Re5+ 47. Kb6 Re6+ 48. Kb5 Qa6+ 49. Kc5 Rc6+ 0-1

[Event "C.to Provinciale VR"]
[Site "Zevio ITA"]
[Date "2013.01.12"]
[Round "1"]
[White "Carli, Carlo"]
[Black "Antolini, Aldo"]
[WhiteElo "2079"]
[BlackElo "1760"]
[Result "1-0"]
[PlyCount "77"]
[EventDate "2013.01.12"]

1. d4 e6 2. Nf3 d5 3. g3 Nf6 4. Bg2 Be7 5. O-O Nbd7 6. c4 O-O 7. cxd5 exd5 8.
Nc3 Re8 9. Bf4 c6 10. Qc2 Nf8 11. Be5 Ng6 12. Bxf6 Bxf6 13. b4 Bg4 14. e3 Qd7
15. a4 Bf5 16. Qb2 a6 17. a5 Bd3 18. Rfd1 Bb5 19. Nd2 Be7 20. Nxb5 axb5 21. Qc3
h5 22. e4 dxe4 23. Nxe4 h4 24. Nc5 Bxc5 25. Qxc5 hxg3 26. hxg3 Re2 27. d5 cxd5
28. Rxd5 Qe8 29. Qxb5 Re1+ 30. Rxe1 Qxe1+ 31. Bf1 Re8 32. Qxb7 Ne5 33. Rd4 Qa1
34. Rf4 Qe1 35. Kg2 Qc3 36. a6 g5 37. Rf5 Kh7 38. a7 Kg6 39. Rxe5 1-0

[Event "C.to Provinciale VR"]
[Site "Zevio ITA"]
[Date "2013.01.12"]
[Round "1"]
[White "Coratella, Giuseppe"]
[Black "Jimchi, Abdelaziz"]
[WhiteElo "2233"]
[BlackElo "1811"]
[Result "1-0"]
[PlyCount "87"]
[EventDate "2013.01.12"]

1. e4 d5 2. exd5 Qxd5 3. Nc3 Qd6 4. g3 Nf6 5. Bg2 c6 6. Nge2 Bf5 7. d3 e5 8.
O-O Be7 9. h3 O-O 10. Be3 Nbd7 11. f4 exf4 12. Bxf4 Qb4 13. Qd2 Bg6 14. a3 Qb6+
15. Kh1 Rfe8 16. g4 Rac8 17. Ng3 Nc5 18. Be3 Qd8 19. Nf5 Bf8 20. Bg5 Bxf5 21.
Rxf5 Be7 22. Bxf6 gxf6 23. Qf2 Ne6 24. Ne4 Qd4 25. Rf1 Qxf2 26. R1xf2 Rc7 27.
c3 Ng7 28. Rxf6 Bxf6 29. Nxf6+ Kf8 30. Nxe8 Kxe8 31. Be4 h5 32. g5 Re7 33. h4
Re6 34. Kg2 Ke7 35. Rf4 Rd6 36. d4 Re6 37. Bf3 f5 38. gxf6+ Rxf6 39. Rxf6 Kxf6
40. Be4 Ne8 41. Kf3 Nd6 42. Bd3 a5 43. b3 b6 44. Kf4 1-0

[Event "C.to Provinciale VR"]
[Site "Zevio ITA"]
[Date "2013.01.12"]
[Round "1"]
[White "Molinaroli, Giacomo"]
[Black "Kurylovich, Alena"]
[WhiteElo "1874"]
[BlackElo "1653"]
[Result "1-0"]
[PlyCount "97"]
[EventDate "2013.01.12"]

1. e4 c5 2. Nf3 d6 3. d4 cxd4 4. Nxd4 Nf6 5. Nc3 a6 6. f4 e6 7. Be2 Be7 8. a4
Nc6 9. Nf3 Qc7 10. O-O b6 11. Qe1 Bb7 12. Rb1 e5 13. f5 h6 14. Kh1 Nd4 15. Bd3
Nd7 16. Nd2 Bg5 17. Nc4 Bxc1 18. Rxc1 O-O-O 19. Ne3 Nf6 20. Qh4 Qc5 21. Rfe1
Rdf8 22. Bc4 g5 23. Qf2 Nxe4 24. Nxe4 Bxe4 25. Bxa6+ Kb8 26. c3 Nb3 27. Rcd1
Qc7 28. Bc4 Na5 29. Bd5 Bxd5 30. Nxd5 Qc5 31. Qe2 Nb7 32. b4 Qc6 33. Qf2 Rd8
34. a5 bxa5 35. bxa5 Qc5 36. Qb2 Qxa5 37. Re4 Rd7 38. Rb4 Qc5 39. Rb5 Qc4 40.
Rb4 Qc5 41. Rb1 Qc6 42. f6 g4 43. Nb6 Rhd8 44. Nxd7+ Rxd7 45. Rb6 Qc7 46. Qb5
e4 47. Qa6 Kc8 48. Rc6 e3 49. Qa8# 1-0

[Event "C.to Provinciale VR"]
[Site "Zevio ITA"]
[Date "2013.01.12"]
[Round "1"]
[White "Negro, Raffaele"]
[Black "Recchia, Mattia"]
[WhiteElo "1826"]
[BlackElo "1506"]
[Result "1-0"]
[PlyCount "79"]
[EventDate "2013.01.12"]

1. d4 d5 2. Bf4 e6 3. Nf3 c6 4. e3 Nf6 5. Bd3 Nbd7 6. Nbd2 Be7 7. h3 O-O 8. O-O
Re8 9. c4 dxc4 10. Nxc4 b5 11. Nd6 Bxd6 12. Bxd6 Bb7 13. e4 Nxe4 14. Bxe4 Nf6
15. Bxh7+ Nxh7 16. Bc5 Nf6 17. Qc2 Nd7 18. Rad1 Nxc5 19. dxc5 Qf6 20. Rd7 Re7
21. Rfd1 Rae8 22. R7d6 Qf5 23. Qxf5 exf5 24. Nd4 Re1+ 25. Rxe1 Rxe1+ 26. Kh2
Re5 27. Rd7 Rd5 28. Rxd5 cxd5 29. c6 Ba6 30. b4 Kf8 31. Nxf5 g6 32. Nd4 Ke7 33.
Kg3 Kd6 34. Kf4 f6 35. h4 Ke7 36. g4 Bc8 37. Nxb5 Be6 38. Nxa7 d4 39. c7 d3 40.
Ke3 1-0

[Event "C.to Provinciale VR"]
[Site "Zevio ITA"]
[Date "2013.01.12"]
[Round "1"]
[White "Oppici, Gabriele"]
[Black "Scagliarini, Gennaro"]
[WhiteElo "1977"]
[BlackElo "1722"]
[Result "1-0"]
[PlyCount "61"]
[EventDate "2013.01.12"]

1. d4 d5 2. Nf3 Nf6 3. Bf4 e6 4. e3 Be7 5. Bd3 O-O 6. Nbd2 Nbd7 7. c3 c5 8. Ne5
cxd4 9. exd4 Nxe5 10. dxe5 Ne8 11. Qh5 g6 12. Qh6 Ng7 13. g4 Bh4 14. Nf3 Be7
15. h4 f5 16. Ng5 Bxg5 17. hxg5 Kf7 18. Qxh7 Rg8 19. Rh6 Ke7 20. Rxg6 Qf8 21.
Rf6 Rh8 22. Qg6 Qg8 23. O-O-O Bd7 24. gxf5 Be8 25. Rxe6+ Nxe6 26. Qf6+ Kd7 27.
fxe6+ Kc8 28. Bf5 b6 29. Rxd5 Rh1+ 30. Kc2 Bc6 31. Rd8+ 1-0

[Event "C.to Provinciale VR"]
[Site "Zevio ITA"]
[Date "2013.01.12"]
[Round "1"]
[White "Pisani, Valerio"]
[Black "Marin, Alessandro"]
[WhiteElo "1731"]
[BlackElo "1988"]
[Result "0-1"]
[PlyCount "42"]
[EventDate "2013.01.12"]

1. Nc3 d5 2. e4 d4 3. Nce2 e5 4. Ng3 Nf6 5. Bc4 Bd6 6. d3 h6 7. Nf3 Bd7 8. Qe2
a5 9. a3 b5 10. Bb3 c5 11. O-O Qc8 12. Bd2 Nc6 13. h3 Ne7 14. Kh2 g5 15. Ng1
Ng6 16. Nh5 Nxh5 17. Qxh5 c4 18. dxc4 bxc4 19. Ba2 g4 20. g3 gxh3 21. Nxh3 Bg4
0-1

[Event "C.to Provinciale VR"]
[Site "Zevio ITA"]
[Date "2013.01.13"]
[Round "2"]
[White "Bonini, Roberto"]
[Black "Sprea, Giuseppe"]
[WhiteElo "1888"]
[BlackElo "1947"]
[Result "1/2-1/2"]
[PlyCount "108"]
[EventDate "2013.01.12"]

1. e4 c5 2. Nf3 Nc6 3. d4 cxd4 4. Nxd4 e6 5. Be3 Qc7 6. Bd3 a6 7. Nd2 Nf6 8.
O-O Be7 9. f4 d6 10. a4 b6 11. Nxc6 Qxc6 12. e5 Nd7 13. Be4 d5 14. Bf3 b5 15.
axb5 axb5 16. Rxa8 Qxa8 17. c4 bxc4 18. Nxc4 O-O 19. Nd2 Ba6 20. Be2 Rb8 21.
Bxa6 Qxa6 22. Bd4 Bc5 23. Bxc5 Nxc5 24. f5 exf5 25. Rxf5 Qd3 26. Rf1 Qd4+ 27.
Kh1 Ne4 28. Nxe4 Qxd1 29. Rxd1 dxe4 30. Kg1 Kf8 31. Rd4 Rxb2 32. Rxe4 Ke7 33.
Ra4 Rb5 34. Ra7+ Ke6 35. Ra6+ Kxe5 36. Ra7 Kf6 37. Kf2 h5 38. Kg3 g5 39. Ra6+
Kf5 40. Rh6 Rb3+ 41. Kf2 Rb2+ 42. Kf1 h4 43. Ra6 Rb4 44. Kf2 Rf4+ 45. Ke2 Kg4
46. Ra5 f5 47. Ra3 Rb4 48. Rf3 Rb2+ 49. Kf1 f4 50. Ra3 Rb5 51. Kf2 Re5 52. Rb3
Kf5 53. h3 g4 54. hxg4+ Kxg4 1/2-1/2

[Event "C.to Provinciale VR"]
[Site "Zevio ITA"]
[Date "2013.01.13"]
[Round "2"]
[White "Bortolazzi, Michele"]
[Black "Faccia, Sergio"]
[WhiteElo "1896"]
[BlackElo "2013"]
[Result "0-1"]
[PlyCount "64"]
[EventDate "2013.01.12"]

1. e4 e5 2. Nf3 Nc6 3. Bb5 a6 4. Ba4 Nf6 5. O-O b5 6. Bb3 Be7 7. Re1 O-O 8. h3
d6 9. c3 Na5 10. Bc2 c5 11. d3 h6 12. Nbd2 Nc6 13. Nf1 Be6 14. d4 cxd4 15. cxd4
exd4 16. Nxd4 Nxd4 17. Qxd4 Rc8 18. Qd1 d5 19. e5 Ne4 20. Bf4 Nc5 21. Rc1 a5
22. Bd3 Nxd3 23. Qxd3 Rc4 24. Qd2 Bb4 25. Qe3 Re4 26. Qg3 Rxe1 27. Bxh6 g6 28.
Rxe1 Bxe1 29. Bg5 f6 30. exf6 Rxf6 31. Qe5 Bxf2+ 32. Kh1 Bd4 0-1

[Event "C.to Provinciale VR"]
[Site "Zevio ITA"]
[Date "2013.01.13"]
[Round "2"]
[White "Jimchi, Abdelaziz"]
[Black "Bruno, Elio"]
[WhiteElo "1811"]
[BlackElo "1613"]
[Result "1-0"]
[PlyCount "49"]
[EventDate "2013.01.12"]

1. d4 Nf6 2. Nf3 g6 3. Bf4 Bg7 4. Nc3 d5 5. h3 Nc6 6. Nb5 O-O 7. Bxc7 Qd7 8.
Bh2 a6 9. Nc3 b5 10. e3 Bb7 11. Be2 Rac8 12. a3 Na5 13. Ne5 Qe6 14. Nd3 Nd7 15.
O-O Nc4 16. Qc1 Bh6 17. Bf4 g5 18. Bg3 Qc6 19. Bf3 e6 20. Re1 Nxb2 21. Nxd5
exd5 22. Qxb2 Qxc2 23. Qxc2 Rxc2 24. Nb4 Nb6 25. Nxc2 1-0

[Event "C.to Provinciale VR"]
[Site "Zevio ITA"]
[Date "2013.01.13"]
[Round "2"]
[White "Kurylovich, Alena"]
[Black "Brunelli, Flavio"]
[WhiteElo "1653"]
[BlackElo "1757"]
[Result "0-1"]
[PlyCount "96"]
[EventDate "2013.01.12"]

1. d4 Nf6 2. c4 g6 3. Nc3 Bg7 4. Nf3 O-O 5. e4 d6 6. h3 c6 7. Be3 Ne8 8. Bd3
Qb6 9. Qd2 Qc7 10. Bh6 e5 11. d5 c5 12. Bxg7 Kxg7 13. Nh4 Qe7 14. g3 a6 15. f4
Nd7 16. Nf3 Nb6 17. h4 Bg4 18. Nh2 Bd7 19. b3 f5 20. Nf3 fxe4 21. Bxe4 exf4 22.
gxf4 Nf6 23. Qd3 Rae8 24. Nd2 Nxe4 25. Ncxe4 Bf5 26. O-O-O Bxe4 27. Nxe4 Qxe4
28. Qxe4 Rxe4 29. h5 Rfxf4 30. hxg6 hxg6 31. Rd2 Nxc4 32. bxc4 Rxc4+ 33. Kd1
Rfd4 34. Re1 Rxd2+ 35. Kxd2 Rd4+ 36. Kc3 Rxd5 37. Re7+ Kf6 38. Rxb7 g5 39. Rb6
g4 40. Rxa6 g3 41. Kc4 Rd4+ 42. Kb5 g2 43. a4 g1=Q 44. a5 Qg2 45. Kb6 Rb4+ 46.
Kc7 Rb7+ 47. Kxd6 Qe2 48. Kxc5+ Qxa6 0-1

[Event "C.to Provinciale VR"]
[Site "Zevio ITA"]
[Date "2013.01.13"]
[Round "2"]
[White "Morandini, Alessandro"]
[Black "Coratella, Giuseppe"]
[WhiteElo "1308"]
[BlackElo "2233"]
[Result "0-1"]
[PlyCount "40"]
[EventDate "2013.01.12"]

1. d4 g6 2. Nf3 Bg7 3. Nbd2 d6 4. e4 e5 5. c3 Nc6 6. d5 Nce7 7. Bd3 f5 8. Qc2
Nf6 9. h3 fxe4 10. Bxe4 Nfxd5 11. Bxd5 Nxd5 12. Ne4 Nf6 13. Bg5 Qe7 14. Nxf6+
Bxf6 15. Bxf6 Qxf6 16. Qe2 O-O 17. Qc4+ Be6 18. Qh4 Qxh4 19. Nxh4 e4 20. O-O g5
0-1

[Event "C.to Provinciale VR"]
[Site "Zevio ITA"]
[Date "2013.01.13"]
[Round "2"]
[White "Recchia, Mattia"]
[Black "Marcori, Mirko"]
[WhiteElo "1506"]
[BlackElo "1781"]
[Result "1-0"]
[PlyCount "113"]
[EventDate "2013.01.12"]

1. e4 d6 2. d4 e5 3. dxe5 dxe5 4. Qxd8+ Kxd8 5. Nf3 f6 6. Bc4 c6 7. a4 Bg4 8.
Nbd2 Nd7 9. O-O Nb6 10. Be2 Kc7 11. a5 Nd7 12. Rd1 Ne7 13. b4 Ng6 14. Rb1 Nf4
15. Bc4 b5 16. axb6+ Nxb6 17. Bd3 Na4 18. Bb2 Bxb4 19. Bxe5+ fxe5 20. Rxb4 Nc3
21. Re1 Rhe8 22. h3 Bh5 23. g3 Nxd3 24. cxd3 Rad8 25. g4 Bf7 26. Re3 a5 27. Rb2
Nd1 28. Rb1 Nxe3 29. fxe3 Rxd3 30. Ra1 Kb6 31. Kf2 Bb3 32. Rb1 a4 33. Nc4+ Kc7
34. Nfxe5 Rc3 35. Ra1 c5 36. Ke2 Rd8 37. Nd2 Rc2 38. Rd1 c4 39. Ke1 a3 40. Nef3
Rdxd2 41. Rxd2 Rxd2 42. Nxd2 h6 43. Nb1 Kd6 44. Nxa3 Ke5 45. Kf2 Kxe4 46. Nb5
Kd3 47. Kf3 Bd1+ 48. Kf4 g5+ 49. Kf5 Kxe3 50. Ke5 Ba4 51. Nc3 Be8 52. Kd5 Kd3
53. Nd1 c3 54. Nxc3 Bf7+ 55. Ke5 Kxc3 56. Kf6 Be8 57. Kg7 1-0

[Event "C.to Provinciale NA"]
[Site "Napoli ITA"]
[Date "2013.12.05"]
[Round "1"]
[White "Ambrosio, Giuseppe"]
[Black "Di Meo, Antonio"]
[WhiteElo "2090"]
[BlackElo "1886"]
[Result "0-1"]
[PlyCount "76"]
[EventDate "2013.12.05"]

1. d4 g6 2. c4 Bg7 3. e4 c5 4. d5 d6 5. Nc3 Nd7 6. f4 a6 7. a4 Ngf6 8. Nf3 Qc7
9. Bd3 O-O 10. O-O Re8 11. Kh1 e6 12. dxe6 Rxe6 13. Qe1 b6 14. Qh4 Bb7 15. Bd2
Bxe4 16. Bxe4 Nxe4 17. Nxe4 Rxe4 18. Ng5 Rxc4 19. Qxh7+ Kf8 20. Bc3 Rxc3 21.
bxc3 Nf6 22. Qh3 Re8 23. f5 Re5 24. Rae1 Qe7 25. Nf3 Rxe1 26. Rxe1 Qd7 27. c4
gxf5 28. Nh4 Ng4 29. Qf3 Bd4 30. Re2 Qxa4 31. Qf1 Nf2+ 32. Rxf2 Bxf2 33. Qxf2
Qd1+ 34. Qg1 Qxg1+ 35. Kxg1 b5 36. cxb5 axb5 37. Kf2 b4 38. Nxf5 b3 0-1

[Event "C.to Provinciale NA"]
[Site "Napoli ITA"]
[Date "2013.12.05"]
[Round "1"]
[White "Buiano, Fabio"]
[Black "Solombrino, Giovanni"]
[WhiteElo "2034"]
[BlackElo "1860"]
[Result "1-0"]
[PlyCount "45"]
[EventDate "2013.12.05"]

1. e4 c5 2. Nf3 Nc6 3. Bb5 g6 4. Bxc6 dxc6 5. h3 Bg7 6. d3 Nf6 7. Nc3 O-O 8.
Be3 Qa5 9. Nd2 Nd7 10. O-O Qc7 11. f4 Bd4 12. Bxd4 cxd4 13. Ne2 c5 14. Qe1 e6
15. f5 exf5 16. exf5 Kg7 17. Ne4 f6 18. Nf4 Nb6 19. Qg3 Qe5 20. fxg6 h5 21. Qh4
Nd5 22. Nxh5+ Kxg6 23. Nhxf6 1-0